[Event "Aragon-chT Preferente-A"]
[Site "Spain"]
[Date "2011.03.05"]
[Round "5.3"]
[White "Vicente Sanz, Fernando"]
[Black "Javierre Conesa, Alfonso"]
[Result "0-1"]
[WhiteElo "1945"]
[BlackElo "2058"]
[PlyCount "56"]
[EventDate "2011.02.05"]
[EventType "team-tourn"]
[EventRounds "9"]
[EventCountry "ESP"]
[SourceTitle "EXT 2013"]
[Source "ChessBase"]
[SourceDate "2012.11.22"]
[SourceVersion "1"]
[SourceVersionDate "2012.11.22"]
[SourceQuality "1"]
[WhiteTeam "Teruel"]
[BlackTeam "Las Fuentes"]
[WhiteTeamCountry "ESP"]
[BlackTeamCountry "ESP"]

1. d4 d5 2. c4 e6 3. Nc3 Nf6 4. Bg5 Nbd7 5. e3 c6 6. Nf3 Qa5 7. Bxf6 Nxf6 8. Qc2 dxc4 9. Bxc4 b5 10. Bb3 c5 11. dxc5 Bxc5 12. 0-0 0-0 13. Ne2 Be7 14. Ned4 Bb7 15. Ne5 Bd6 16. Nef3 Qb6 17. Qd3 a6 18. Nxe6 fxe6 19. Bxe6+ Kh8 20. Ng5 Rad8 21. Qc2 Bb8 22. Nf7+ Rxf7 23. Bxf7 Qd6 24. g3 Qe7 25. Rad1 Rc8 26. Qb3 Ne4 27. Qe6 Ng5 28. Qxe7 Nh3# 0-1

[Event "Aragon-chT Autonomico"]
[Site "Aragon"]
[Date "2007.03.17"]
[Round "8"]
[White "Andreu Sin, Raul"]
[Black "Vicente Sanz, Fernando"]
[Result "1-0"]
[WhiteElo "2041"]
[BlackElo "1938"]
[PlyCount "71"]
[EventDate "2007.01.27"]
[EventType "team"]
[EventRounds "9"]
[EventCountry "ESP"]
[SourceTitle "EXT 2008"]
[Source "ChessBase"]
[SourceDate "2007.11.25"]
[SourceVersion "1"]
[SourceVersionDate "2007.11.25"]
[SourceQuality "1"]
[WhiteTeam "Barbastro"]
[BlackTeam "Teruel Ibercaja"]
[WhiteTeamCountry "ESP"]
[BlackTeamCountry "ESP"]

1. c4 Nf6 2. Nc3 g6 3. g3 Bg7 4. Bg2 0-0 5. d4 d6 6. e3 Nbd7 7. Nge2 e5 8. 0-0 c6 9. b3 Re8 10. Ba3 Qc7 11. Rc1 Bf8 12. e4 Qa5 13. Bb2 b5 14. cxb5 cxb5 15. a3 Bb7 16. Qd3 a6 17. b4 Qb6 18. Kh1 Rac8 19. f4 exd4 20. Nxd4 Rc4 21. Rcd1 Bg7 22. Bf3 h5 23. h3 Nh7 24. Nde2 Bf8 25. e5 Bxf3+ 26. Rxf3 Qc6 27. Kg2 Nb8 28. Nd4 Qb6 29. e6 Nc6 30. Nd5 Qa7 31. Nxc6 Rxc6 32. f5 g5 33. exf7+ Qxf7 34. f6 Rc4 35. Ne7+ Kh8 36. Qg6 1-0

[Event "Aragon-chT Autonomico"]
[Site "Aragon"]
[Date "2007.03.10"]
[Round "7"]
[White "Vicente Sanz, Fernando"]
[Black "Glaria Murillo, Christian"]
[Result "1/2-1/2"]
[WhiteElo "1938"]
[BlackElo "2202"]
[PlyCount "71"]
[EventDate "2007.01.27"]
[EventType "team"]
[EventRounds "9"]
[EventCountry "ESP"]
[SourceTitle "EXT 2008"]
[Source "ChessBase"]
[SourceDate "2007.11.25"]
[SourceVersion "1"]
[SourceVersionDate "2007.11.25"]
[SourceQuality "1"]
[WhiteTeam "Teruel Ibercaja"]
[BlackTeam "IberCaja"]
[WhiteTeamCountry "ESP"]
[BlackTeamCountry "ESP"]

1. Nf3 Nf6 2. g3 g6 3. Bg2 Bg7 4. 0-0 0-0 5. d4 d6 6. Nc3 Nbd7 7. e4 e5 8. h3 c6 9. a4 a5 10. Be3 Qc7 11. Qd2 Re8 12. Rfe1 Nb6 13. b3 Nbd7 14. Rad1 Nf8 15. Bh6 Qe7 16. Bxg7 Kxg7 17. dxe5 dxe5 18. Qd6 Qxd6 19. Rxd6 N6d7 20. Red1 Re6 21. R6d2 f6 22. Nb1 Re8 23. Na3 Nc5 24. Nh2 Be6 25. Rd6 Kf7 26. Ng4 Nfd7 27. Ne3 Nb6 28. f3 Ke7 29. Bf1 Red8 30. Rxd8 Rxd8 31. Rxd8 Kxd8 32. h4 Kc7 33. Kf2 Nbd7 34. Bc4 b6 35. Bxe6 Nxe6 36. Ng4 1/2-1/2

[Event "ESP Autonomico-chT"]
[Site "Spain"]
[Date "2006.03.04"]
[Round "5.63"]
[White "Gimeno, Alberto"]
[Black "Vicente Sanz, Fernando"]
[Result "1-0"]
[WhiteElo "1937"]
[BlackElo "1932"]
[PlyCount "109"]
[EventDate "2006.02.04"]
[EventType "team"]
[EventRounds "9"]
[EventCountry "ESP"]
[SourceTitle "EXT 2007"]
[Source "ChessBase"]
[SourceDate "2006.11.23"]
[SourceVersion "1"]
[SourceVersionDate "2006.11.23"]
[SourceQuality "1"]

1. d4 Nf6 2. Nf3 g6 3. c4 Bg7 4. Nc3 0-0 5. g3 d6 6. Bg2 c6 7. 0-0 Qa5 8. e4 Bg4 9. Qb3 Bxf3 10. Bxf3 Qa6 11. Be3 Nbd7 12. a4 c5 13. Rfd1 Qa5 14. Qb5 Qc7 15. a5 a6 16. Qa4 Rab8 17. Rac1 b6 18. Ra1 bxa5 19. Qxa5 Qxa5 20. Rxa5 Rxb2 21. Rxa6 Rc2 22. Rd3 cxd4 23. Bxd4 Rc8 24. Nd5 Kf8 25. Ne3 Rc1+ 26. Kg2 Ne8 27. Bg4 e6 28. Bxg7+ Kxg7 29. Ra7 Ne5 30. Bxe6 Rc7 31. Rda3 fxe6 32. Rxc7+ Nxc7 33. Ra7 Kf6 34. Rxc7 h5 35. h3 Ra1 36. c5 dxc5 37. Rxc5 Ra2 38. Rc3 Ra4 39. f3 Ra2+ 40. Rc2 Ra3 41. Kf2 Ra1 42. f4 Nd3+ 43. Ke2 Nc1+ 44. Kd2 Nb3+ 45. Kc3 Re1 46. e5+ Kf7 47. Nc4 Nc5 48. Nd6+ Ke7 49. Kd2 Ne4+ 50. Kxe1 Nxd6 51. exd6+ Kxd6 52. Ke2 e5 53. Ke3 Kd5 54. Ra2 Ke6 55. Ra6+ 1-0

[Event "ESP Autonomico-chT"]
[Site "Spain"]
[Date "2006.02.18"]
[Round "3.64"]
[White "Lopez Capape, Armando"]
[Black "Vicente Sanz, Fernando"]
[Result "1/2-1/2"]
[WhiteElo "1936"]
[BlackElo "1932"]
[PlyCount "111"]
[EventDate "2006.02.04"]
[EventType "team"]
[EventRounds "9"]
[EventCountry "ESP"]
[SourceTitle "EXT 2007"]
[Source "ChessBase"]
[SourceDate "2006.11.23"]
[SourceVersion "1"]
[SourceVersionDate "2006.11.23"]
[SourceQuality "1"]

1. d4 Nf6 2. c4 g6 3. Nc3 Bg7 4. e4 d6 5. Nf3 0-0 6. Be2 e5 7. dxe5 dxe5 8. Qxd8 Rxd8 9. Bg5 Re8 10. Nd5 Nxd5 11. cxd5 c6 12. Bc4 cxd5 13. Bxd5 Nd7 14. Nd2 Nb6 15. Bb3 Be6 16. Ke2 Bxb3 17. axb3 a6 18. Be3 Nd7 19. Rhd1 Red8 20. Rac1 Rac8 21. Nc4 Nf8 22. Rxd8 Rxd8 23. Bb6 Rd7 24. Na5 Bh6 25. Rd1 f6 26. Bc5 Rxd1 27. Kxd1 b5 28. Bxf8 Bxf8 29. Kc2 Bc5 30. f3 Bb6 31. Nc6 a5 32. b4 a4 33. Ne7+ Kf7 34. Nd5 Bd8 35. Nc3 Be7 36. Nxb5 Bxb4 37. Kd3 Ke6 38. Kc4 Bf8 39. Na3 f5 40. Kb5 g5 41. Kxa4 g4 42. Kb3 h5 43. h3 Kf6 44. Nc4 Bc5 45. Kc3 Bd4+ 46. Kd3 Kg5 47. exf5 gxh3 48. gxh3 Kxf5 49. Ke2 Kf4 50. b4 Kg3 51. Nd2 Kxh3 52. f4 Kg4 53. fxe5 Bxe5 54. Kf2 Bd6 55. Ne4 Bxb4 56. Nf6+ 1/2-1/2